| 000 | 00886nam a2200253 a 4500 | ||
|---|---|---|---|
| 001 | 000024640 | ||
| 005 | 20250224110755.0 | ||
| 008 | 110127s1996 sp r 000 | spa d | ||
| 020 | _a8439548117 | ||
| 040 |
_aDO-SdBNP _bspa _cBNPHU |
||
| 082 |
_a613.2 _bG751n |
||
| 100 | 1 |
_aGrande Covián, Francisco _950554 |
|
| 245 | 1 | 0 |
_aNutrición y salud : _bmitos, peligros y errores de las dietas de adelgazamiento / _cFrancisco Grande Covián. |
| 260 |
_aBarcelona, (España) : _bEditorial Planeta De Agostini, _c1996. |
||
| 300 |
_a203 p. : _bil. ; _c20 cm. |
||
| 490 | 1 | _aBiblioteca de la Salud | |
| 650 | 0 |
_aNutrición _912779 |
|
| 650 | 0 |
_aSalud _91687 |
|
| 650 | 4 |
_aComposición de los alimentos _950555 |
|
| 650 | 4 |
_aDietas de reducción _948039 |
|
| 650 | 4 |
_aHabitos alimenticios _920094 |
|
| 710 | 2 |
_aGrupo Correo de Comunicación _950556 |
|
| 830 | 0 |
_aBiblioteca de la Salud _950557 |
|
| 999 |
_c24133 _d24133 |
||